| 000 | 00489nam a2200169Ia 4500 | ||
|---|---|---|---|
| 008 | 240729s9999 xx 000 0 und d | ||
| 022 | _a2234-8190 | ||
| 245 | 0 | _aAnimal Systematics, Evolution and Diversity | |
| 260 | _aKorea, Republic of | ||
| 260 | _bKorean Society of Systematic Zoology | ||
| 650 | _a Biology (General) | Science | ||
| 650 | _a Zoology | ||
| 650 | _aScience | ||
| 856 | _uhttps://doaj.org/toc/61dae3f477754b189b68183add321636 | ||
| 942 | _2ddc | ||
| 942 | _cDOAJEJ | ||
| 999 |
_c70578 _d70578 |
||
| 945 |
_a1 _bMadushi Gamage _c1 _dMadushi Gamage |
||